000 00286nam a22001217a 4500
008 180517b xxu||||| |||| 00| 0 eng d
041 _aeng
080 _a043.3
100 _a0
101 _aSHJ-BA
245 _aGjykata Nderkombetare e Drejtesise Vendimet
_cPopova, M
942 _2udc
_cBK
999 _c45905
_d45905